000 00790nam a2200265Ia 4500
003 OSt
005 20220924130301.0
006 a|||||r|||| 00| 0
007 ta
008 220923b |||||||| |||| 00| 0 per d
020 _a9786004050760 (hbk)
020 _cINR 550.00
024 _a353738
037 _b2362, 12/02/2020, M.R. Publications
_cTextual
040 _aARTS
_cARTS
_bper
041 _2per
_aper
082 _aO164,1N27w, Q7
100 _aAbidi Kamiyar Au.
_9199820
245 0 _aShaban-e-buzurg-e-ameed
260 _aTehran
_bSaless publications Iran
_c2017
300 _a295p.
_ccm.
650 _aPERSIAN POETRY
942 _hO164,1N27w, Q7
_cTEXL
_2CC
999 _c424413
_d424413